Formula One drivers 2023 - Statistics

General Stats
  • This quiz has been taken 256 times
  • The average score is 15 of 20
Answer Stats
Teams Drivers % Correct
Mercedes Lewis Hamilton
92%
Redbull Checo Perez
90%
Ferrari Charles Leclerc
89%
Ferrari Carlos Sainz
87%
McLaren Lando Norris
87%
Aston Martin Fernando Alonso
82%
Haas Nico Hülkenberg
81%
Aston Martin Lance Stroll
80%
Alfa Romeo Valteri Bottas
79%
Alpine Esteban Ocon
78%
Mercedes George Russell
78%
Haas Kevin Magnussen
78%
Alpine Pierre Gasly
78%
AlphaTauri Yuki Tsunoda
78%
McLaren Oscar Piastri
77%
Williams Alex Albon
75%
Alfa Romeo Guanyu Zhou
73%
AlphaTauri Nyck de Vries
63%
Williams Logan Sargent
49%
Redbull Max Verstaooen
9%
No matching quizzes found
Score Distribution
Percent of People with Each Score
Percentile by Number Answered
Your Score History
You have not taken this quiz